000 00758nam a2200205Ii 4500
003 JO-AjNU
008 230605s9999||||xx |||||||||||||| ||und||
040 _aJO-AjNU
_bara
_erda
_cJO-AjNU
041 _aara
050 1 4 _aPJ7696.A25 .Z74 1997
100 3 _aالجاسم، احمد موسى,
_eauthor
_934785
245 0 0 _aعبيد بن الأبرص الأسدي: دراسة فنية
250 _aط1
264 3 1 _aبيروت: دار الكنوز العربية، 1997
300 _a229ص
336 _atext
_btxt
_2rdacontent
337 _aunmediated
_bn
_2rdamedia
338 _avolume
_bnc
_2rdacarrier
650 4 _aالشعر العربي - تاريخ ونقد - العصر الجاهلي - عبيد بن الابرص بن عوف ق. هجري
_934786
999 _aA14297
_c17865
_d17865